| 000 -ლიდერი |
| ფიქსირებული სიგრძის საკონტროლო ველი |
00796nam a2200217Ia 4500 |
| 001 - საკონტროლო ნომერი |
| საკონტროლო ველი |
3534 |
| 003 - საკონტროლო ნომრის იდენტიფიკატორი |
| საკონტროლო ველი |
GE_BSU |
| 005 - ბოლო ოპერაციის თარიღი და დრო |
| საკონტროლო ველი |
20190603163638.0 |
| 008 - ფიქსირებული სიგრძის მონაცემთა ელემენტები - ზოგადი ინფორმაცია |
| ფიქსირებული სიგრძის საკონტროლო ველი |
181216s1965||||ge |||||||||||||| ||geo|| |
| 040 ## - კატალოგიზაციის წყარო |
| Transcribing agency |
GE_BSU |
| 041 ## - ენის კოდი |
| Language code of text/sound track or separate title |
geo |
| 080 ## - უნივერსალური ათობითი კლასიფიკაციის ინდექსი |
| Universal Decimal Classification number |
159.9(075.8)+007(075.8) ბ-89 |
| 100 ## - მთავარი ჩანაწერი - პიროვნების სახელი |
| Personal name |
ბჟალავა,ი. |
| 9 (RLIN) |
2011 |
| 245 ## - ცნობა სათაურის შესახებ |
| Title |
ფსიქოლოგია და კიბერნეტიკა : სახელმძღვ. / |
| Statement of responsibility, etc |
ი. ბჟალავა. |
| 264 ## - წარმოების, გამოცემის, დისტრიბუციის და სხვა ცნობები |
| გამოცემის, წარმოების, დისტრიბუციის... ადგილი |
თბილისი : |
| გამოცემის, წარმოების, დისტრიბუციის... სახელწოდება |
განათლება, |
| გამოცემის, წარმოების, დისტრიბუციის... თარიღი |
1965. |
| 300 ## - ფიზიკური აღწერა |
| Extent |
374 გვ .: |
| Dimensions |
22 სმ. |
| Other physical details |
ილ. და ცხრილ. |
| 504 ## - BIBLIOGRAPHY, ETC. NOTE |
| Bibliography, etc |
ბიბლიოგრ.: გვ.362-370 |
| 653 ## - INDEX TERM--UNCONTROLLED |
| Uncontrolled term |
ფსიქოლოგია |
| 653 ## - INDEX TERM--UNCONTROLLED |
| Uncontrolled term |
კიბერნეტიკა |
| 942 ## - ADDED ENTRY ELEMENTS (KOHA) |
| Koha item type |
წიგნი |
| Source of classification or shelving scheme |
|